Los buscadores de prestigio /
Guardado en:
| Autor Principal: | |
|---|---|
| Formato: | Libro |
| Publicado: |
Buenos Aires :
Eudeba,
1964
|
| Series: | Lectores De Eudeba, 16
|
| Materias: | |
| Etiquetas: |
Agregar Etiqueta
Sin Etiquetas, Sea el primero en etiquetar este registro!
|
| LEADER | 00493nam a22001695a 4500 | ||
|---|---|---|---|
| 001 | EHU.bham001072 | ||
| 003 | AR-BHAM | ||
| 005 | 20070312165725.0 | ||
| 008 | 130507s1964##################000#0#####d | ||
| 082 | 3 | 0 | |a 301.15 |
| 100 | 1 | |a Packard, Vance | |
| 245 | 1 | 0 | |a Los buscadores de prestigio / |c Vance Packard. |
| 260 | |a Buenos Aires : |b Eudeba, |c 1964 | ||
| 300 | |a 392 p. | ||
| 490 | 0 | |a Lectores De Eudeba, 16 | |
| 653 | |a Psicologia social | ||
| 859 | |a AR-BHAM |b BIB. HUMANIDADES - General |h 301.15 |i P125 |p 387.88 |t Ej.1 | ||
